000 00768nam a22001935i 4500
001 68585
003 ES-MaACL
005 20230906170318.0
007 t|
008 960802s1891 sp ||||1| spa d
100 1 _aGassó y Vidal, Leopolda.
_955928
245 1 0 _aColección de sus trabajos literarios /
_cLeopolda Gassó Vidal ; precedidos de una necrología de Doña Concepción Jimeno ; publícalos su amantísima madre.
260 _aMadrid :
_b[s.n.],
_c1891 (
_fEscuela Tip. del Hospicio)
300 _a[8], 244 p., [1] h. de lam. ;
_c22 cm.
530 _aDisponible en formato digital.
700 1 _aJimeno, Concepción.
_966636
852 _aES-MaACL
_jG-12724
856 _uhttp://bdh-rd.bne.es/viewer.vm?id=0000242790&page=1
_zBiblioteca Digital Hispánica
999 _c68585
_d68585